[Event "TUR-chT"]
[Site "Kocaeli"]
[Date "2015.08.08"]
[Round "6.2"]
[White "Tulay, Seray"]
[Black "Dzagnidze, Nana"]
[Result "0-1"]
[WhiteElo "1798"]
[BlackElo "2573"]
[PlyCount "74"]
[EventDate "2015.08.04"]
[EventType "team-tourn"]
[EventRounds "13"]
[EventCountry "TUR"]
[SourceTitle "CBM 167 Extra"]
[Source "ChessBase"]
[SourceDate "2015.09.14"]
[SourceVersion "1"]
[SourceVersionDate "2015.09.14"]
[SourceQuality "1"]
[WhiteTeam "Tarsus Zeka"]
[BlackTeam "Deniz Su Aquamatch"]
[WhiteTeamCountry "TUR"]
[BlackTeamCountry "TUR"]

1. d4 Nf6 2. c4 e6 3. Nc3 Bb4 4. Nf3 c5 5. a3 Bxc3+ 6. bxc3 Qa5 7. Bd2 0-0 8. Qc2 d6 9. e4 e5 10. d5 Nbd7 11. Be2 Re8 12. Nh4 Nf8 13. 0-0 Qd8 14. Nf3 Ng6 15. Rfe1 h6 16. Bf1 Rf8 17. Be3 Bd7 18. Reb1 Qc8 19. Nd2 Ng4 20. Qd3 f5 21. f3 Nf6 22. Bf2 fxe4 23. fxe4 Nf4 24. Qc2 Ng4 25. Nf3 Nxf2 26. Qxf2 Bg4 27. Qe3 Nh3+ 28. Kh1 Bxf3 29. gxf3 Ng5 30. Bg2 Rf4 31. Rf1 Qd7 32. Rf2 Raf8 33. Raf1 Qa4 34. Rb2 b6 35. Rbb1 Qxc4 36. Rbd1 Nxe4 37. Qd3 Nxc3 0-1

[Event "TUR-chT"]
[Site "Denizli"]
[Date "2013.07.04"]
[Round "6.7"]
[White "Tulay, Seray"]
[Black "Ozdover, Mustafa Berkay"]
[Result "0-1"]
[WhiteElo "1806"]
[BlackElo "2005"]
[PlyCount "62"]
[EventDate "2013.06.29"]
[EventType "team-tourn"]
[EventRounds "13"]
[EventCountry "TUR"]
[SourceTitle "CBM 155 Extra"]
[Source "ChessBase"]
[SourceDate "2013.08.26"]
[SourceVersion "1"]
[SourceVersionDate "2013.08.26"]
[SourceQuality "1"]
[WhiteTeam "Tarsus Zeka"]
[BlackTeam "Kahramanmaras Belediye"]
[WhiteTeamCountry "TUR"]
[BlackTeamCountry "TUR"]

1. e4 d6 2. d4 Nf6 3. Bd3 e5 4. c3 Nc6 5. Bc2 Bg4 6. f3 Bd7 7. Ne2 h6 8. f4 exf4 9. Nxf4 g5 10. Nh5 Nxh5 11. Qxh5 Qf6 12. Rf1 Qe7 13. Nd2 Bg7 14. Nc4 Rf8 15. Ne3 0-0-0 16. Bd2 f5 17. exf5 Nxd4 18. cxd4 Bxd4 19. Qf3 Rde8 20. Ke2 Bc6 21. Qh3 Bb5+ 22. Bd3 Bxd3+ 23. Kxd3 Qe4+ 24. Ke2 Bxe3 25. Bxe3 Qc2+ 26. Ke1 g4 27. Qg3 Qd3 28. Qxg4 Rxe3+ 29. Kf2 Re4 30. Qf3 Qd4+ 31. Kg3 Rg8+ 0-1

[Event "TUR-chT"]
[Site "Konya"]
[Date "2012.07.22"]
[Round "13"]
[White "Polatel, Ali"]
[Black "Tulay, Seray"]
[Result "1/2-1/2"]
[WhiteElo "2129"]
[BlackElo "1796"]
[PlyCount "22"]
[EventDate "2012.07.11"]
[EventType "team-tourn"]
[EventRounds "13"]
[EventCountry "TUR"]
[SourceTitle "CBM 149 Extra"]
[Source "ChessBase"]
[SourceDate "2012.08.24"]
[SourceVersion "1"]
[SourceVersionDate "2012.08.24"]
[SourceQuality "1"]
[WhiteTeam "Denizli Er Bakir"]
[BlackTeam "Tarsus Zeka"]
[WhiteTeamCountry "TUR"]
[BlackTeamCountry "TUR"]

1. Nf3 Nf6 2. c4 e6 3. Nc3 d5 4. d4 c6 5. cxd5 exd5 6. Qc2 Be7 7. Bg5 Nbd7 8. e3 0-0 9. Bd3 Re8 10. 0-0 Nf8 11. Rab1 Ng6 1/2-1/2

[Event "TUR-chT"]
[Site "Konya"]
[Date "2012.07.18"]
[Round "8"]
[White "Ozkan, Ervin"]
[Black "Tulay, Seray"]
[Result "1/2-1/2"]
[WhiteElo "2227"]
[BlackElo "1796"]
[PlyCount "109"]
[EventDate "2012.07.11"]
[EventType "team-tourn"]
[EventRounds "13"]
[EventCountry "TUR"]
[SourceTitle "CBM 149 Extra"]
[Source "ChessBase"]
[SourceDate "2012.08.24"]
[SourceVersion "1"]
[SourceVersionDate "2012.08.24"]
[SourceQuality "1"]
[WhiteTeam "Ceyhan Belediye"]
[BlackTeam "Tarsus Zeka"]
[WhiteTeamCountry "TUR"]
[BlackTeamCountry "TUR"]

1. d4 d5 2. Bf4 Bf5 3. c4 dxc4 4. Nc3 Nf6 5. e3 Bd3 6. Bxd3 cxd3 7. Qxd3 c6 8. Nf3 e6 9. e4 Nbd7 10. 0-0 Be7 11. a3 Nb6 12. b4 a5 13. Rab1 axb4 14. axb4 Ra3 15. Qc2 Nc4 16. Ne2 Rxf3 17. Qxc4 Rxf4 18. Nxf4 Nxe4 19. Qd3 Nd6 20. Rfe1 0-0 21. Qh3 Bf6 22. Rbd1 Nb5 23. Qg4 g6 24. g3 Nxd4 25. h4 e5 26. Nd3 Qd5 27. Nc5 Bg7 28. Qe4 Ra8 29. Nxb7 Rb8 30. Rxd4 Qxd4 31. Qxd4 exd4 32. Na5 Rxb4 33. Nxc6 Rc4 34. Re8+ Bf8 35. Ne5 Rc1+ 36. Kg2 Re1 37. Nd7 Rxe8 38. Nf6+ Kh8 39. Nxe8 Bc5 40. Kf1 d3 41. f3 d2 42. Ke2 d1Q+ 43. Kxd1 Bf2 44. g4 Bxh4 45. Nd6 Kg7 46. Ke2 Bg3 47. Ne4 Bf4 48. g5 Bc1 49. Kf2 Bb2 50. Kg3 f6 51. gxf6+ Bxf6 52. f4 h5 53. Kf3 Kf7 54. Ng3 Bh4 55. Nxh5 1/2-1/2

[Event "TUR-chT"]
[Site "Konya"]
[Date "2012.07.16"]
[Round "6"]
[White "Eden, Yagiz"]
[Black "Tulay, Seray"]
[Result "0-1"]
[WhiteElo "1754"]
[BlackElo "1796"]
[PlyCount "80"]
[EventDate "2012.07.11"]
[EventType "team-tourn"]
[EventRounds "13"]
[EventCountry "TUR"]
[SourceTitle "CBM 149 Extra"]
[Source "ChessBase"]
[SourceDate "2012.08.24"]
[SourceVersion "1"]
[SourceVersionDate "2012.08.24"]
[SourceQuality "1"]
[WhiteTeam "Adana Truva"]
[BlackTeam "Tarsus Zeka"]
[WhiteTeamCountry "TUR"]
[BlackTeamCountry "TUR"]

1. e4 e5 2. Nf3 Nf6 3. Nxe5 d6 4. Nf3 Nxe4 5. d4 d5 6. h3 Bd6 7. Bd3 0-0 8. 0-0 Nd7 9. c4 c6 10. Qc2 f5 11. Nc3 Ndf6 12. Qb3 Kh8 13. c5 Bc7 14. Qc2 Be6 15. b4 Bf7 16. Ng5 Bg8 17. Nf3 Bf7 18. Ne2 Nd7 19. Bf4 Bxf4 20. Nxf4 Ndf6 21. Ng5 Bg8 22. Nf3 Bf7 23. Ne2 Nd7 24. Nf4 g5 25. Ne2 Bg6 26. Ne5 Qe7 27. Qb2 Rae8 28. Nxd7 Qxd7 29. b5 f4 30. bxc6 bxc6 31. Bxe4 Bxe4 32. f3 Bf5 33. Nc3 Re3 34. Rfe1 Rfe8 35. Kf2 Qe7 36. Qd2 g4 37. hxg4 Qh4+ 38. Kf1 Bd3+ 39. Ne2 Bxe2+ 40. Rxe2 Qh1+ 0-1

[Event "TUR-ch (Women)"]
[Site "Kemer"]
[Date "2012.02.01"]
[Round "7"]
[White "Sen, Beril Berfin"]
[Black "Tulay, Seray"]
[Result "0-1"]
[WhiteElo "1598"]
[BlackElo "1807"]
[PlyCount "88"]
[EventDate "2012.01.29"]
[EventType "swiss"]
[EventRounds "9"]
[EventCountry "TUR"]
[SourceTitle "CBM 146 Extra"]
[Source "ChessBase"]
[SourceDate "2012.02.29"]
[SourceVersion "1"]
[SourceVersionDate "2012.02.29"]
[SourceQuality "1"]

1. d4 d5 2. c4 e6 3. Nc3 Nf6 4. Bg5 Nbd7 5. e3 c6 6. Nf3 Be7 7. cxd5 exd5 8. Bd3 0-0 9. 0-0 Re8 10. Qc2 Nf8 11. Ne5 Ng4 12. Bxe7 Qxe7 13. Nf3 Ng6 14. Rfe1 Nf6 15. e4 dxe4 16. Nxe4 Nxe4 17. Rxe4 Be6 18. Rae1 Qd7 19. Bc4 Bxc4 20. Rxe8+ Rxe8 21. Rxe8+ Qxe8 22. Qxc4 h6 23. Qb3 Qe7 24. Qe3 Kf8 25. Qxe7+ Kxe7 26. g3 Kd6 27. Kf1 Kd5 28. Ke2 Ke4 29. Ne5 Nxe5 30. dxe5 Kxe5 31. Ke3 Kd5 32. Kd3 a5 33. b3 b5 34. f3 c5 35. a3 c4+ 36. bxc4+ bxc4+ 37. Kc3 f5 38. g4 f4 39. a4 Kc5 40. h4 g5 41. h5 Kd5 42. Kc2 Kd4 43. Kd2 c3+ 44. Ke2 c2 0-1

[Event "TUR-ch (Women)"]
[Site "Kemer"]
[Date "2012.01.30"]
[Round "3"]
[White "Kaya, Emel"]
[Black "Tulay, Seray"]
[Result "1/2-1/2"]
[WhiteElo "2005"]
[BlackElo "1807"]
[PlyCount "91"]
[EventDate "2012.01.29"]
[EventType "swiss"]
[EventRounds "9"]
[EventCountry "TUR"]
[SourceTitle "CBM 146 Extra"]
[Source "ChessBase"]
[SourceDate "2012.02.29"]
[SourceVersion "1"]
[SourceVersionDate "2012.02.29"]
[SourceQuality "1"]

1. e4 c5 2. Nf3 e6 3. c3 d5 4. exd5 Qxd5 5. d4 Nf6 6. Na3 a6 7. Nc4 Nbd7 8. Be2 Be7 9. Be3 cxd4 10. Bxd4 0-0 11. 0-0 b5 12. Ne3 Qc6 13. c4 b4 14. Qc2 Bb7 15. Rfd1 Nc5 16. Ne5 Qc7 17. Bf3 Bxf3 18. Nxf3 Rac8 19. Be5 Qb7 20. Ng5 Nfe4 21. Nxe4 Nxe4 22. Rd4 Nc5 23. Rad1 a5 24. Rg4 f6 25. Bd6 Bxd6 26. Rxd6 a4 27. Rh4 f5 28. Rhd4 b3 29. axb3 axb3 30. Qd1 Qc7 31. Qf3 Ra8 32. g3 Qa5 33. Rd1 Qb4 34. Qc6 Ra2 35. Rd8 Qa5 36. Qc8 Rxd8 37. Rxd8+ Kf7 38. Rf8+ Kg6 39. Qe8+ Kh6 40. g4 g6 41. Qe7 Qe1+ 42. Kg2 Rxb2 43. Qh4+ Kg7 44. Qe7+ Kh6 45. Qh4+ Kg7 46. Qe7+ 1/2-1/2

[Event "TUR-ch (Women)"]
[Site "Kemer"]
[Date "2012.01.29"]
[Round "2"]
[White "Tulay, Seray"]
[Black "Gundogan, Sinem Cagla"]
[Result "1-0"]
[WhiteElo "1807"]
[BlackElo "1492"]
[PlyCount "81"]
[EventDate "2012.01.29"]
[EventType "swiss"]
[EventRounds "9"]
[EventCountry "TUR"]
[SourceTitle "CBM 146 Extra"]
[Source "ChessBase"]
[SourceDate "2012.02.29"]
[SourceVersion "1"]
[SourceVersionDate "2012.02.29"]
[SourceQuality "1"]

1. e4 e5 2. Nf3 Nc6 3. Bb5 a6 4. Ba4 Nf6 5. 0-0 d6 6. Re1 b5 7. Bb3 Be7 8. c3 Bb7 9. d4 exd4 10. cxd4 Na5 11. Bc2 c5 12. Nbd2 Qc7 13. Nf1 h6 14. Ng3 0-0-0 15. Nf5 g5 16. b3 Nh5 17. Nxe7+ Qxe7 18. e5 Kb8 19. exd6 Qxd6 20. dxc5 Qxc5 21. Qe2 Rhe8 22. Be3 Qc8 23. Rad1 Ka8 24. Rxd8 Qxd8 25. Qd2 Qc8 26. Qxa5 Qxc2 27. Qb6 Rxe3 28. Rxe3 Qc8 29. h3 Nf4 30. Qa5 Ka7 31. Qd2 Ne6 32. Nd4 Nc5 33. f3 Qd7 34. Qc3 Qd6 35. Qb4 Qd5 36. Qc3 f5 37. Re7 f4 38. Re2 Nd7 39. Rd2 Qe5 40. Nc6+ Bxc6 41. Rxd7+ 1-0

[Event "EU-ch U18 Girls"]
[Site "Albena"]
[Date "2011.09.18"]
[Round "7"]
[White "Byrka, Joanna"]
[Black "Tulay, Seray"]
[Result "1/2-1/2"]
[WhiteElo "1925"]
[BlackElo "1784"]
[PlyCount "70"]
[EventDate "2011.09.11"]
[EventType "swiss"]
[EventRounds "9"]
[EventCountry "BUL"]
[SourceTitle "CBM 144 Extra"]
[Source "ChessBase"]
[SourceDate "2011.10.28"]
[SourceVersion "1"]
[SourceVersionDate "2011.10.28"]
[SourceQuality "1"]

1. e4 c5 2. Nf3 e6 3. d4 cxd4 4. Nxd4 a6 5. Bd3 Qc7 6. 0-0 Nf6 7. Qe2 d6 8. c4 Be7 9. Kh1 Nbd7 10. f4 b6 11. Nc3 Bb7 12. Bd2 Nc5 13. Bc2 Rd8 14. Rae1 0-0 15. Nf3 e5 16. f5 Rfe8 17. Ng1 b5 18. b4 Ncd7 19. cxb5 axb5 20. Bd3 d5 21. Nxb5 Qb6 22. Be3 d4 23. Bd2 Bxe4 24. Bxe4 Nxe4 25. Qxe4 Qxb5 26. a3 Bd6 27. Bg5 f6 28. Bd2 Rc8 29. Rc1 Nb6 30. Rxc8 Rxc8 31. Rc1 Rxc1 32. Bxc1 Qd5 33. Qxd5+ Nxd5 34. Nf3 Nc3 35. Bb2 Ne2 1/2-1/2

[Event "EU-ch U18 Girls"]
[Site "Albena"]
[Date "2011.09.17"]
[Round "6"]
[White "Tulay, Seray"]
[Black "Turkova, Karolina"]
[Result "1/2-1/2"]
[WhiteElo "1784"]
[BlackElo "1981"]
[PlyCount "62"]
[EventDate "2011.09.11"]
[EventType "swiss"]
[EventRounds "9"]
[EventCountry "BUL"]
[SourceTitle "CBM 144 Extra"]
[Source "ChessBase"]
[SourceDate "2011.10.28"]
[SourceVersion "1"]
[SourceVersionDate "2011.10.28"]
[SourceQuality "1"]

1. e4 e5 2. Nf3 Nc6 3. Bb5 a6 4. Ba4 Nf6 5. 0-0 Be7 6. Re1 b5 7. Bb3 d6 8. c3 0-0 9. h3 Na5 10. Bc2 c5 11. d4 Qc7 12. Nbd2 cxd4 13. cxd4 Nc6 14. Nb3 a5 15. Be3 a4 16. Nbd2 Bd7 17. Rc1 Qb7 18. Qe2 Rfe8 19. Bd3 Rab8 20. dxe5 Nxe5 21. Nxe5 dxe5 22. Bc5 Bc6 23. Bxe7 Rxe7 24. Rc5 Re6 25. Nf3 Nd7 26. Rc2 Nf8 27. Rec1 Ng6 28. Qe3 h6 29. Rc5 Rd8 30. Bb1 Rdd6 31. h4 Qe7 1/2-1/2

[Event "EU-ch U18 Girls"]
[Site "Albena"]
[Date "2011.09.15"]
[Round "5"]
[White "Ostrowska, Dominika"]
[Black "Tulay, Seray"]
[Result "1-0"]
[WhiteElo "1942"]
[BlackElo "1784"]
[PlyCount "59"]
[EventDate "2011.09.11"]
[EventType "swiss"]
[EventRounds "9"]
[EventCountry "BUL"]
[SourceTitle "CBM 144 Extra"]
[Source "ChessBase"]
[SourceDate "2011.10.28"]
[SourceVersion "1"]
[SourceVersionDate "2011.10.28"]
[SourceQuality "1"]

1. e4 c5 2. Nf3 e6 3. d4 cxd4 4. Nxd4 a6 5. Bd3 Qc7 6. Nc3 Nf6 7. 0-0 b5 8. Qe2 d6 9. a4 b4 10. Na2 d5 11. e5 Nfd7 12. f4 Nc6 13. Be3 Nc5 14. Rac1 Nxd4 15. Bxd4 Nxa4 16. Kh1 Bc5 17. Bxc5 Qxc5 18. f5 Nxb2 19. Qg4 g6 20. fxg6 hxg6 21. Bxg6 Kd7 22. Rxf7+ Kc6 23. Nxb4+ Kb6 24. Rb1 Qc4 25. Qxc4 Nxc4 26. Nxd5+ Kc5 27. Nc7 Na3 28. Rb3 Rd8 29. Bd3 Ra7 30. Rxa3 1-0

[Event "EU-ch U18 Girls"]
[Site "Albena"]
[Date "2011.09.12"]
[Round "2"]
[White "Tulay, Seray"]
[Black "Batkovskyte, Dominyka"]
[Result "0-1"]
[WhiteElo "1784"]
[BlackElo "2092"]
[PlyCount "68"]
[EventDate "2011.09.11"]
[EventType "swiss"]
[EventRounds "9"]
[EventCountry "BUL"]
[SourceTitle "CBM 144 Extra"]
[Source "ChessBase"]
[SourceDate "2011.10.28"]
[SourceVersion "1"]
[SourceVersionDate "2011.10.28"]
[SourceQuality "1"]

1. e4 d6 2. d4 Nf6 3. Bd3 c6 4. f4 e5 5. Nf3 Nbd7 6. Qe2 Be7 7. c3 0-0 8. 0-0 Re8 9. Kh1 Bf8 10. dxe5 dxe5 11. f5 b5 12. a4 bxa4 13. Be3 Bc5 14. Bc2 Qb6 15. Bc1 Ba6 16. c4 Ng4 17. h3 Ne3 18. Bxe3 Bxe3 19. Bxa4 Bf4 20. Bd1 Nf6 21. g4 Rad8 22. b3 Rd6 23. Qa2 Nxe4 24. Kg2 c5 25. Qa5 Qc6 26. Qa4 Qc8 27. Bc2 Bb7 28. Qxa7 Nd2 29. Nbxd2 Rxd2+ 30. Rf2 Bxf3+ 31. Kxf3 Qc6+ 32. Be4 Rxf2+ 33. Kxf2 Qxe4 34. Qxc5 Qc2+ 0-1

[Event "EU-ch U18 Girls"]
[Site "Albena"]
[Date "2011.09.11"]
[Round "1"]
[White "Gluszko, Monika"]
[Black "Tulay, Seray"]
[Result "1-0"]
[WhiteElo "2077"]
[BlackElo "1784"]
[PlyCount "55"]
[EventDate "2011.09.11"]
[EventType "swiss"]
[EventRounds "9"]
[EventCountry "BUL"]
[SourceTitle "CBM 144 Extra"]
[Source "ChessBase"]
[SourceDate "2011.10.28"]
[SourceVersion "1"]
[SourceVersionDate "2011.10.28"]
[SourceQuality "1"]

1. e4 c5 2. Nf3 e6 3. d4 cxd4 4. Nxd4 Nf6 5. Nc3 d6 6. Bd3 a6 7. a4 Be7 8. 0-0 Qc7 9. Bd2 b6 10. Kh1 Bb7 11. f4 Nbd7 12. Qe2 0-0 13. Rae1 Rfd8 14. Rf3 Qc5 15. Nb3 Qc7 16. Rh3 e5 17. f5 d5 18. exd5 Nxd5 19. Rxh7 Kxh7 20. f6+ Kg8 21. Nxd5 Bxd5 22. fxe7 Re8 23. Bg5 f6 24. Qh5 e4 25. Rxe4 fxg5 26. Rf4 Bxg2+ 27. Kg1 Nf6 28. Rxf6 1-0

[Event "TUR-chT"]
[Site "Konya"]
[Date "2011.07.05"]
[Round "9"]
[White "Tulay, Seray"]
[Black "Ozturk, Hilal"]
[Result "1-0"]
[WhiteElo "1778"]
[BlackElo "1765"]
[PlyCount "101"]
[EventDate "2011.06.28"]
[EventType "team-swiss"]
[EventRounds "13"]
[EventCountry "TUR"]
[SourceTitle "CBM 143 Extra"]
[Source "ChessBase"]
[SourceDate "2011.08.29"]
[SourceVersion "1"]
[SourceVersionDate "2011.08.29"]
[SourceQuality "1"]
[WhiteTeam "Tarsus Zeka"]
[BlackTeam "Istanbul Teknik Uni"]
[WhiteTeamCountry "TUR"]
[BlackTeamCountry "TUR"]

1. e4 e5 2. Nf3 Nc6 3. Bb5 a6 4. Ba4 Nf6 5. 0-0 Be7 6. Re1 b5 7. Bb3 d6 8. c3 0-0 9. h3 Na5 10. Bc2 c5 11. d4 Qc7 12. d5 Bd7 13. b3 Nb7 14. Nbd2 g6 15. g4 Rfc8 16. Nf1 c4 17. Bd2 a5 18. Ng3 b4 19. Rc1 bxc3 20. Bxc3 cxb3 21. Bxb3 a4 22. Bd2 Qb6 23. Rxc8+ Bxc8 24. Bxa4 Nc5 25. Bb3 Nd3 26. Be3 Qb5 27. Re2 Nf4 28. Bxf4 exf4 29. Nf1 Ba6 30. Re1 Bd8 31. Nd4 Qe8 32. Qc2 Ba5 33. Nd2 Rc8 34. Qd1 Rc3 35. Kh2 Bb6 36. Ne2 Rd3 37. Bc2 Ra3 38. Kg2 Ba5 39. Nxf4 Qe5 40. Ne2 Bxd2 41. Qxd2 Nxe4 42. Qb4 Rxa2 43. Nd4 Bd3 44. Nc6 Qf6 45. Rxe4 Rxc2 46. Rf4 Qh4 47. Rf3 Be2 48. Rg3 Bc4 49. Qxd6 Rc1 50. Ne7+ Kg7 51. Nf5+ 1-0

[Event "TUR-chT"]
[Site "Konya"]
[Date "2011.07.04"]
[Round "7"]
[White "Tulay, Seray"]
[Black "Alev, Gonulden Seda"]
[Result "1-0"]
[WhiteElo "1778"]
[BlackElo "1605"]
[PlyCount "53"]
[EventDate "2011.06.28"]
[EventType "team-swiss"]
[EventRounds "13"]
[EventCountry "TUR"]
[SourceTitle "CBM 143 Extra"]
[Source "ChessBase"]
[SourceDate "2011.08.29"]
[SourceVersion "1"]
[SourceVersionDate "2011.08.29"]
[SourceQuality "1"]
[WhiteTeam "Tarsus Zeka"]
[BlackTeam "Yesilkoy"]
[WhiteTeamCountry "TUR"]
[BlackTeamCountry "TUR"]

1. e4 c5 2. Nf3 d6 3. d4 cxd4 4. Nxd4 Nf6 5. Nc3 a6 6. g3 e6 7. Bg2 Be7 8. 0-0 0-0 9. Kh1 Qc7 10. h3 Nbd7 11. f4 Rb8 12. a4 Qa5 13. g4 Nc5 14. g5 Ne8 15. Bd2 Qc7 16. f5 Qd8 17. Qh5 e5 18. Nde2 g6 19. Qh6 gxf5 20. exf5 Qd7 21. f6 Bd8 22. b4 Nxa4 23. Rxa4 b5 24. Ra3 Kh8 25. Nd5 Rg8 26. Be4 Qxh3+ 27. Rxh3 1-0

[Event "TUR-chT"]
[Site "Konya"]
[Date "2011.07.02"]
[Round "6"]
[White "Sanal, Suna"]
[Black "Tulay, Seray"]
[Result "0-1"]
[WhiteElo "1685"]
[BlackElo "1778"]
[PlyCount "138"]
[EventDate "2011.06.28"]
[EventType "team-swiss"]
[EventRounds "13"]
[EventCountry "TUR"]
[SourceTitle "CBM 143 Extra"]
[Source "ChessBase"]
[SourceDate "2011.08.29"]
[SourceVersion "1"]
[SourceVersionDate "2011.08.29"]
[SourceQuality "1"]
[WhiteTeam "Bursa Tophane"]
[BlackTeam "Tarsus Zeka"]
[WhiteTeamCountry "TUR"]
[BlackTeamCountry "TUR"]

1. e4 c5 2. Nf3 e6 3. d4 cxd4 4. Nxd4 Nf6 5. Nc3 Qc7 6. Bd3 a6 7. a4 b6 8. 0-0 Bb7 9. Kh1 Be7 10. f4 d6 11. Qe2 Nbd7 12. Nb3 0-0 13. Bd2 Rfd8 14. Rae1 e5 15. Qf3 Nc5 16. Nc1 Qd7 17. b3 Bf8 18. N1e2 d5 19. exd5 e4 20. Nxe4 Nfxe4 21. Bxe4 Nxe4 22. Qxe4 Bxd5 23. Qd3 Qc6 24. Qg3 Bxg2+ 25. Qxg2 Qxg2+ 26. Kxg2 Rxd2 27. c3 Re8 28. Kf3 Rd3+ 29. Kg2 Rd2 30. Kf3 Rd3+ 31. Kg2 Rde3 32. Rf2 R8e4 33. Kf1 Be7 34. Rd1 Bh4 35. Rg2 Re8 36. Rd4 Rf3+ 37. Kg1 Rfe3 38. f5 Bf6 39. Rd2 Bxc3 40. Nxc3 Rxc3 41. Rg3 Rc1+ 42. Kf2 Rc5 43. Rf3 Rc6 44. Re3 Kf8 45. Red3 Rec8 46. h3 Rc2 47. Rxc2 Rxc2+ 48. Ke3 Ke7 49. Ke4 Rc6 50. Ke5 Rc5+ 51. Ke4 Rc6 52. Ke5 Rc5+ 53. Ke4 g6 54. fxg6 hxg6 55. Kf4 Ke6 56. Ke4 Re5+ 57. Kf4 Rd5 58. Re3+ Kf6 59. Rc3 Rd4+ 60. Kg3 Ke5 61. Kf3 f5 62. Re3+ Re4 63. Rc3 Rd4 64. Re3+ Kd5 65. Rc3 g5 66. Kg3 Ke4 67. h4 Rd3+ 68. Rxd3 gxh4+ 69. Kxh4 Kxd3 0-1

[Event "TUR-chT"]
[Site "Konya"]
[Date "2011.07.02"]
[Round "5"]
[White "Tulay, Seray"]
[Black "Birgelir, Melisa"]
[Result "1-0"]
[WhiteElo "1778"]
[BlackElo "1735"]
[PlyCount "105"]
[EventDate "2011.06.28"]
[EventType "team-swiss"]
[EventRounds "13"]
[EventCountry "TUR"]
[SourceTitle "CBM 143 Extra"]
[Source "ChessBase"]
[SourceDate "2011.08.29"]
[SourceVersion "1"]
[SourceVersionDate "2011.08.29"]
[SourceQuality "1"]
[WhiteTeam "Tarsus Zeka"]
[BlackTeam "Besiktas Jimnastik"]
[WhiteTeamCountry "TUR"]
[BlackTeamCountry "TUR"]

1. e4 e5 2. Nf3 Nc6 3. Bb5 a6 4. Ba4 Nf6 5. 0-0 b5 6. Bb3 Be7 7. Re1 d6 8. c3 Na5 9. Bc2 c5 10. h3 Bd7 11. d4 Qc7 12. d5 h6 13. b3 Qb8 14. Nbd2 g5 15. g4 Rg8 16. Nh2 Qc8 17. Kg2 Nb7 18. Bb2 a5 19. Qe2 Qc7 20. Nhf1 Rh8 21. Ne3 Qb6 22. Ndf1 h5 23. f3 h4 24. Kh2 Ra7 25. a4 Ra8 26. axb5 Bxb5 27. Nc4 Bxc4 28. Qxc4 Nd7 29. Ne3 Qa6 30. Bd3 Qxc4 31. Bxc4 Nb6 32. Bb5+ Kd8 33. Nf5 Bf8 34. Bc1 Kc7 35. Bxg5 Nd8 36. Bxh4 Bh6 37. Re2 Bf4+ 38. Kg2 Bh6 39. Bf6 Rh7 40. h4 Bf8 41. Bxd8+ Kxd8 42. Rea2 Be7 43. Nxe7 Kxe7 44. h5 Rg8 45. Kf2 Kf6 46. Rxa5 Rb8 47. c4 Kg5 48. Ra7 Kf6 49. Kg3 Rhh8 50. Kh4 Rhg8 51. Bc6 Nc8 52. Rb7 Ne7 53. g5+ 1-0

[Event "TUR-chT"]
[Site "Konya"]
[Date "2011.06.29"]
[Round "2"]
[White "Tulay, Seray"]
[Black "Mutlu, Beste"]
[Result "1/2-1/2"]
[WhiteElo "1778"]
[BlackElo "1548"]
[PlyCount "102"]
[EventDate "2011.06.28"]
[EventType "team-swiss"]
[EventRounds "13"]
[EventCountry "TUR"]
[SourceTitle "CBM 143 Extra"]
[Source "ChessBase"]
[SourceDate "2011.08.29"]
[SourceVersion "1"]
[SourceVersionDate "2011.08.29"]
[SourceQuality "1"]
[WhiteTeam "Tarsus Zeka"]
[BlackTeam "Mersin Ezgi"]
[WhiteTeamCountry "TUR"]
[BlackTeamCountry "TUR"]

1. e4 c5 2. Nf3 d6 3. d4 cxd4 4. Nxd4 Nf6 5. Nc3 a6 6. f3 e5 7. Nb3 Be6 8. Bg5 Be7 9. Qd2 Nbd7 10. Rd1 0-0 11. Be2 Rc8 12. 0-0 Qc7 13. Kh1 b5 14. a3 Rfd8 15. Be3 Nc5 16. Nxc5 dxc5 17. Qe1 Qc6 18. Ra1 Rd7 19. Qf2 Rcd8 20. Rfd1 Rxd1+ 21. Rxd1 Rxd1+ 22. Nxd1 Nd7 23. Qe1 b4 24. axb4 cxb4 25. Qd2 a5 26. b3 h6 27. Nb2 Kh7 28. Na4 Nc5 29. Nxc5 Bxc5 30. Bd3 Bxe3 31. Qxe3 a4 32. bxa4 Qxa4 33. Kg1 Qa1+ 34. Kf2 Qc3 35. Qe2 Qd4+ 36. Qe3 Qxe3+ 37. Kxe3 b3 38. cxb3 Bxb3 39. Kd2 Kg6 40. Ke3 Kg5 41. Bb5 Be6 42. Bd3 g6 43. Bb5 f5 44. exf5 gxf5 45. Ba6 Bd5 46. Bd3 f4+ 47. Kf2 h5 48. Bc2 Kh4 49. Bd3 Bc6 50. Bc2 Bd5 51. Bd3 Bc6 1/2-1/2

[Event "TUR-chT"]
[Site "Konya"]
[Date "2010.07.02"]
[Round "6"]
[White "Tulay, Seray"]
[Black "Kaya, Emel"]
[Result "1-0"]
[WhiteElo "1788"]
[BlackElo "2006"]
[PlyCount "109"]
[EventDate "2010.06.29"]
[EventType "team-tourn"]
[EventRounds "13"]
[EventCountry "TUR"]
[SourceTitle "CBM 137 Extra"]
[Source "ChessBase"]
[SourceDate "2010.09.01"]
[SourceVersion "1"]
[SourceVersionDate "2010.09.01"]
[SourceQuality "1"]

1. e4 c5 2. Nf3 g6 3. d4 Bg7 4. Nc3 cxd4 5. Nxd4 Nc6 6. Be3 Nf6 7. Be2 0-0 8. 0-0 d5 9. exd5 Nb4 10. Nf3 Nfxd5 11. Nxd5 Qxd5 12. Qxd5 Nxd5 13. Bd4 Bxd4 14. Nxd4 e5 15. Nb3 Bf5 16. Rfe1 Nb4 17. Bd1 f6 18. c3 Nd3 19. Re2 Rfd8 20. Rd2 Nf4 21. Bf3 Rxd2 22. Nxd2 Rd8 23. Nc4 e4 24. Rd1 Rf8 25. g4 Be6 26. Rd4 Nh3+ 27. Kg2 exf3+ 28. Kxh3 h5 29. Ne3 hxg4+ 30. Nxg4 f5 31. Ne5 f4+ 32. Kh4 Kg7 33. Nxf3 Bxa2 34. Kh3 Rf5 35. Rd7+ Kf6 36. Rd6+ Kg7 37. Nd4 Rg5 38. Ne6+ Bxe6+ 39. Rxe6 Rb5 40. b4 Rh5+ 41. Kg2 Kf7 42. Re4 g5 43. Rc4 Kg6 44. Rc7 Rh7 45. Rxh7 Kxh7 46. Kf3 Kg6 47. c4 Kf5 48. h3 b6 49. b5 Ke5 50. Kg4 Kf6 51. h4 gxh4 52. Kxf4 Ke6 53. Kg5 Ke5 54. f3 Kd4 55. Kxh4 1-0

[Event "World ol U16 07th"]
[Site "Mersin"]
[Date "2008.08.24"]
[Round "10"]
[White "Tulay, Seray"]
[Black "Rosenthal, Jonathan"]
[Result "0-1"]
[WhiteElo "1788"]
[BlackElo "2248"]
[PlyCount "82"]
[EventDate "2008.08.17"]
[EventType "team-swiss"]
[EventRounds "10"]
[EventCountry "TUR"]
[SourceTitle "CBM 126 Extra"]
[Source "ChessBase"]
[SourceDate "2008.11.05"]
[SourceVersion "1"]
[SourceVersionDate "2008.11.05"]
[SourceQuality "1"]

1. d4 Nf6 2. Nf3 g6 3. g3 Bg7 4. Bg2 0-0 5. c4 d6 6. Nc3 Nbd7 7. 0-0 c6 8. e4 e5 9. h3 Qb6 10. d5 cxd5 11. cxd5 Nc5 12. Qe2 Bd7 13. Nd2 Rfc8 14. Re1 Qd8 15. Nc4 Be8 16. Be3 b5 17. Nd2 b4 18. Nd1 a6 19. Bxc5 Rxc5 20. a4 bxa3 21. Rxa3 Bb5 22. Qe3 Qf8 23. Nb3 Rc2 24. Nc3 Rxb2 25. Qc1 Rxb3 26. Rxb3 Bh6 27. Qb2 Bc4 28. Rb7 Kg7 29. Ra1 Qc8 30. Rb6 Qd8 31. Qb4 Ne8 32. Rb1 Bb5 33. Na4 Qd7 34. Nc3 Bd2 35. Qb2 Qc7 36. Qxd2 Qxb6 37. Bf1 Nc7 38. Qb2 Rb8 39. Qb4 Qd4 40. Qa5 Qc5 41. Qa2 Qxc3 0-1